| 000 | 00467nam a2200193Ia 4500 | ||
|---|---|---|---|
| 005 | 20250423094822.0 | ||
| 008 | 250422s9999 xx 000 0 und d | ||
| 020 | _a0534601308 | ||
| 050 | _aJF 51 .C617/ | ||
| 100 | _aBrown, E. Bernard | ||
| 245 | 0 | _aComparative politics : notes and readings | |
| 250 | _a10th Ed. | ||
| 260 | _aBelmont | ||
| 260 | _bThomson Wadsworth | ||
| 260 | _c2006 | ||
| 300 | _a417 p | ||
| 650 | _aComparative Politics | ||
| 942 | _cBK | ||
| 999 |
_c28389 _d28389 |
||